Cutting Edge Applications of computational Intelligence tools and techniques/ (Record no. 4405)

000 -LEADER
fixed length control field 00592nam a22001937a 4500
003 - CONTROL NUMBER IDENTIFIER
control field OSt
005 - DATE AND TIME OF LATEST TRANSACTION
control field 20250220161344.0
008 - FIXED-LENGTH DATA ELEMENTS--GENERAL INFORMATION
fixed length control field 250220b |||||||| |||| 00| 0 eng d
020 ## - INTERNATIONAL STANDARD BOOK NUMBER
International Standard Book Number 9783031441264
050 ## - LIBRARY OF CONGRESS CALL NUMBER
Classification number QA342.C88 2023
245 ## - TITLE STATEMENT
Title Cutting Edge Applications of computational Intelligence tools and techniques/
Statement of responsibility, etc Kevin Daimi, Abeer Alsadoon & Luis Coelho [eds]
260 ## - PUBLICATION, DISTRIBUTION, ETC. (IMPRINT)
Place of publication, distribution, etc Switzerland
Name of publisher, distributor, etc Speinger
Date of publication, distribution, etc 2023
300 ## - PHYSICAL DESCRIPTION
Extent xv, 353 p
Dimensions 22cm
650 ## - SUBJECT ADDED ENTRY--TOPICAL TERM
Topical term or geographic name as entry element Computational Intelligence
700 ## - ADDED ENTRY--PERSONAL NAME
Personal name Daimi, Kevin
700 ## - ADDED ENTRY--PERSONAL NAME
Personal name Alsadoon, Abeer
700 ## - ADDED ENTRY--PERSONAL NAME
Personal name Coelho, Luis
942 ## - ADDED ENTRY ELEMENTS (KOHA)
Source of classification or shelving scheme
Koha item type Book
Holdings
Withdrawn status Lost status Source of classification or shelving scheme Damaged status Not for loan Home library Current library Shelving location Date acquired Total Checkouts Full call number Barcode Date last seen Copy number Price effective from Koha item type
          Riara University Library Riara University Library General stack 20/02/2025   QA342.C88 2023 10790/25 20/02/2025 C.1 20/02/2025 Book

Riara University Library,
P.O. Box 49940-00100,
Nairobi, Kenya.